| 000 | 01031nam a22002897a 4500 | ||
|---|---|---|---|
| 003 | CHAP | ||
| 005 | 20220329140124.0 | ||
| 008 | 971013s1986 r 10010 d | ||
| 010 | _a47299 | ||
| 011 | _a48271 | ||
| 035 | _a52416 | ||
| 040 | _cCHAP | ||
| 082 |
_a634.063 _bR4 |
||
| 111 | 0 | 0 |
_aReunión Técnica sobre Fruticultura en el Noroeste de México ( _n1 _d: 1983 _c: Hermosillo, Son.) _996672 |
| 245 | _aMemoria | ||
| 260 |
_aHermosillo, Son. : _bInstituto Nacional de Investigaciones Agrícolas del Noroeste. Campo Agrícola Experimental Costa de Hermosillo, _c1986 |
||
| 300 |
_a206 p. _b: ilus. |
||
| 590 |
_aBATCH-UPD _b10 _c20130109 _lUCH01 _h2318 |
||
| 590 |
_aBATCH-UPD _b10 _c20130110 _lUCH01 _h1436 |
||
| 590 |
_aBATCH-UPD _b10 _c20130409 _lUCH01 _h1839 |
||
| 590 |
_aBATCH-UPD _b10 _c20130914 _lUCH01 _h1447 |
||
| 590 |
_aCONVERSION _b10 _c20130109 _lUCH01 _h1326 |
||
| 650 | 1 | 4 |
_aFruticultura _xCongresos. _943712 |
| 901 | _aBK | ||
| 942 | _cLIBRO | ||
| 949 |
_a634.063 R4 _bBC _cCONG _d33724000203618 _eCONG _h70234 _i52416 _si |
||
| 999 |
_c47299 _d47299 |
||